000
00327nam a2200133Ia 4500
008
240624s9999 xx 000 0 und d
041
_a
eng
082
_a
005.74 TAN
100
_a
TANIAR DAVID
245
_a
WEB POWERED DATABASES
260
_c
2003
_a
London
_b
IRM Press
300
_a
viii, : 340 : p. : cm. ; 25
365
_c
_b
30
999
_c
16496
_d
16496